Statistics for Movies by Year, 2010-present

Click here to take the quiz!

General Stats

  • This quiz has been taken 6,517 times
  • The average score is 8 of 10

Answer Stats

Year Clue Answer % Correct
2017This movie about an evil clown shatters the box office record for horror moviesIt
93%
2018This singer makes her debut as a lead actress in the movie "A Star is Born"Lady Gaga
91%
2014This song from the movie "Frozen" wins an Oscar for Best Original SongLet it Go
88%
2015This commited actor eats raw bison liver while filming "The Revenant"Leonardo DiCaprio
88%
2016Ryan Reynolds stars in this R-rated, yet juvenile, superhero movieDeadpool
84%
2019This superhero movie breaks the all-time box office recordAvengers: Endgame
75%
2012Anne Hathaway and Hugh Jackman star in the movie version of this musicalLes Misérables
71%
2011This actress wins her 3rd Oscar (and 17th nomination) starring as
Margaret Thatcher in "The Iron Lady".
Meryl Streep
66%
2013This "Lincoln" actor wins an unprecedented third Oscar for Best ActorDaniel Day-Lewis
64%
2010Jeff Bridges stars in a remake of this John Wayne filmTrue Grit
45%

Score Distribution

Percentile by Number Answered

Percent of People with Each Score

Your Score History

You have not taken this quiz